<?xml version="1.0" encoding="UTF-8"?>
<record
    xmlns:xsi="http://www.w3.org/2001/XMLSchema-instance"
    xsi:schemaLocation="http://www.loc.gov/MARC21/slim http://www.loc.gov/standards/marcxml/schema/MARC21slim.xsd"
    xmlns="http://www.loc.gov/MARC21/slim">

  <leader>00573caa a22001572a 4500</leader>
  <controlfield tag="001">  020383</controlfield>
  <controlfield tag="003">  AR-FADEU</controlfield>
  <controlfield tag="008">  311216n########xxu####################dd</controlfield>
  <datafield tag="092" ind1=" " ind2=" ">
    <subfield code="a">425.2</subfield>
    <subfield code="b">B741</subfield>
  </datafield>
  <datafield tag="100" ind1=" " ind2=" ">
    <subfield code="a">Kayne, Richard S.</subfield>
  </datafield>
  <datafield tag="245" ind1=" " ind2=" ">
    <subfield code="a">LCA/C-command related issues</subfield>
  </datafield>
  <datafield tag="300" ind1=" " ind2=" ">
    <subfield code="a">PP. 288-342</subfield>
  </datafield>
  <datafield tag="500" ind1=" " ind2=" ">
    <subfield code="a">En: Minimalist syntax : the essential readings / ed. Zeljko Boskovic. Oxford : Blackwell, 2007</subfield>
  </datafield>
  <datafield tag="942" ind1=" " ind2=" ">
    <subfield code="c">BDGR</subfield>
  </datafield>
  <datafield tag="999" ind1=" " ind2=" ">
    <subfield code="c">26107</subfield>
    <subfield code="d">26107</subfield>
  </datafield>
  <datafield tag="773" ind1="0" ind2=" ">
    <subfield code="0">26102</subfield>
    <subfield code="9">25107</subfield>
    <subfield code="a">Boskovic, Zeljko, ed.</subfield>
    <subfield code="b"></subfield>
    <subfield code="d">Oxford</subfield>
    <subfield code="o">05364</subfield>
    <subfield code="t">Minimalist syntax : the essential readings</subfield>
    <subfield code="w">(  AR-FADEU)  020378</subfield>
    <subfield code="x"></subfield>
    <subfield code="z">0-631-23304-0</subfield>
  </datafield>
</record>
